000 00483nam a2200181Ia 4500
008 240925s9999 xx 000 0 und d
020 _a9789332549968
082 _a658 CER
100 _aCerto, Samuel C.; Certo, S. Trevis
245 0 _aModern Management Concepts and Skills
250 _a13th
260 _aLondon:
_bPearson education
_c,2015.
300 _axxx,672p.
_bNA
_fOriginal
500 _aIncludes Index
600 _aManagement
650 _aManagement
942 _cBK
999 _c14633
_d14633